[Event "El Cartel"]
[Site "SchemingMind.com"]
[Date "2007.03.27"]
[Round "-"]
[White "capablanca"]
[Black "tacticrules"]
[Result "1-0"]
[WhiteCountry "GER"]
[BlackCountry "GER"]
[WhiteElo "1672"]
[WhiteRD "58"]
[BlackElo "1625"]
[BlackRD "58"]
[GameID "97737"]

1. e4 e6 2. d4 d5 3. exd5 exd5 4. Bd3 Nf6 5. Nf3 Bd6 6. Bg5 Nbd7 7. O-O O-O 8. Nc3 c6 9. Qd2 h6 10. Be3 Re8
11. h3 Nf8 12. Rfe1 Qc7 13. Re2 Bd7 14. Rae1 Re7 15. Na4 b5 16. Nc5 Bxc5 17. dxc5 Rae8 18. Bf4 Qd8 19. Rxe7 Rxe7 20. Rxe7 Qxe7
21. Bd6 Qe8 22. Qa5 Ne4 23. Qxa7 Bf5 24. Qe7 Qxe7 25. Bxe7 Bh7 26. Ne5 Ne6 27. b4 Nc3 28. Nxc6 Bxd3 29. cxd3 Nxa2 30. Kf1 Nc1
31. d4 Nb3 32. Nd8 Nxd8 33. Bxd8 Nxd4 34. Ba5 Kf8 35. f4 Ke8 36. Kf2 Kd7 37. g4 Nc6 38. Ke3 Nxa5 39. bxa5 Kc6 40. Kd4 b4
41. a6 b3 42. Kc3 d4+ 43. Kxb3 d3 44. Kc3 g5 45. f5 f6 46. Kxd3
1-0

[Event "El Cartel"]
[Site "SchemingMind.com"]
[Date "2007.03.23"]
[Round "-"]
[White "tacticrules"]
[Black "capablanca"]
[Result "1/2-1/2"]
[WhiteCountry "GER"]
[BlackCountry "GER"]
[WhiteElo "1577"]
[WhiteRD "50"]
[BlackElo "1632"]
[BlackRD "58"]
[GameID "97739"]

1. Nf3 Nf6 2. c4 c5 3. Nc3 Nc6 4. e3 g6 5. Be2 Bg7 6. O-O O-O 7. d4 cxd4 8. exd4 a6 9. Bg5 h6 10. Bh4 d6
11. d5 Nb8 12. h3 Nbd7 13. Rc1 Nh5 14. Ne1 Nf4 15. Bg3 Nxe2+ 16. Qxe2 Nc5 17. Nd3 Nxd3 18. Qxd3 Bf5 19. Qe2 Rc8 20. b3 b5
21. Nd1 bxc4 22. bxc4 Rb8=
1/2-1/2

[Event "El Cartel"]
[Site "SchemingMind.com"]
[Date "2007.03.27"]
[Round "-"]
[White "banong"]
[Black "capablanca"]
[Result "0-1"]
[WhiteCountry "PHI"]
[BlackCountry "GER"]
[WhiteElo "1374"]
[WhiteRD "72"]
[BlackElo "1659"]
[BlackRD "58"]
[GameID "97790"]

1. e4 e5 2. Nc3 Nf6 3. Nf3 d6 4. Bc4 Be7 5. O-O O-O 6. d3 c5 7. Nd5 Be6 8. Nxe7+ Qxe7 9. Bg5 h6 10. Be3 Bxc4
0-1

[Event "El Cartel"]
[Site "SchemingMind.com"]
[Date "2007.03.27"]
[Round "-"]
[White "capablanca"]
[Black "banong"]
[Result "1-0"]
[WhiteCountry "GER"]
[BlackCountry "PHI"]
[WhiteElo "1659"]
[WhiteRD "58"]
[BlackElo "1374"]
[BlackRD "72"]
[GameID "97793"]

1. e4 e5 2. Nf3 Nc6 3. Bc4 Nf6 4. d3 Bb4+ 5. c3 Ba5 6. O-O O-O 7. Bg5 d6 8. Nbd2 h6 9. Bh4 Bg4 10. h3 Bd7
11. Nh2
1-0

[Event "El Cartel"]
[Site "SchemingMind.com"]
[Date "2007.03.23"]
[Round "-"]
[White "norlavuaram"]
[Black "capablanca"]
[Result "0-1"]
[WhiteCountry "PER"]
[BlackCountry "GER"]
[WhiteElo "1674"]
[WhiteRD "79"]
[BlackElo "1659"]
[BlackRD "58"]
[GameID "97859"]

1. e4 e5 2. Nf3 d6 3. d4 Nd7 4. Nc3 Be7 5. Bc4 Nb6 6. Bb3 Nf6 7. h3 O-O 8. O-O c6 9. dxe5 dxe5 10. Nxe5 Be6
11. Bxe6 fxe6 12. Be3 Qc7 13. Nf3 Nc4 14. Qe2 Nxe3 15. Qxe3 Nh5 16. Rad1 Nf4 17. Rd2 b6 18. Rfd1 Bc5 19. Qe1 Nxh3+ 20. Kh1 Nxf2+
21. Rxf2 Bxf2 22. Qxf2 Rf6 23. Qd4 Rh6+ 24. Kg1 Qg3 25. Qf2 Rh1+ 26. Kxh1 Qxf2 27. Rd2 Qf1+ 28. Kh2 Qc4 29. Ne5 Qb4 30. Nd3 Qe7
31. Re2 Rf8 32. Re1 c5 33. b3 c4 34. bxc4 Qc7+ 35. Kg1 Qxc4 36. Nd1 Qxc2 37. N3f2 Qxa2 38. Re3 b5 39. e5 b4
0-1

[Event "El Cartel"]
[Site "SchemingMind.com"]
[Date "2007.03.23"]
[Round "-"]
[White "norlavuaram"]
[Black "tacticrules"]
[Result "0-1"]
[WhiteCountry "PER"]
[BlackCountry "GER"]
[WhiteElo "1521"]
[WhiteRD "78"]
[BlackElo "1632"]
[BlackRD "50"]
[GameID "97862"]

1. e4 e5 2. Nf3 Nf6 3. Nxe5 d6 4. Nf3 Nxe4 5. d4 d5 6. Bd3 Nc6 7. O-O Be7 8. c4 Nb4 9. cxd5 Nxd3 10. Qxd3 Qxd5
11. Nc3 Nxc3 12. bxc3 O-O 13. c4 Qd8 14. Bb2 Bf6 15. Rad1 c6 16. h3 Re8 17. Rfe1 Rxe1+ 18. Rxe1 c5 19. Qe2 Bd7 20. d5 Bxb2
21. Qxb2 Qc7 22. Re7 Qd6 23. Qe5 Qxe5 24. Nxe5 Bf5 25. Rxf7 Bg6 26. Rxb7 Re8 27. Nxg6 Re1+ 28. Kh2 hxg6 29. Rxa7 Rc1
0-1

[Event "El Cartel"]
[Site "SchemingMind.com"]
[Date "2007.03.26"]
[Round "-"]
[White "capablanca"]
[Black "norlavuaram"]
[Result "0-1"]
[WhiteCountry "GER"]
[BlackCountry "PER"]
[WhiteElo "1672"]
[WhiteRD "58"]
[BlackElo "1580"]
[BlackRD "72"]
[GameID "97863"]

1. e4 c5 2. c3 d5 3. exd5 Qxd5 4. d4 Nc6 5. Nf3 e6 6. Be2 Nf6 7. O-O cxd4 8. cxd4 Be7 9. Nc3 Qd8 10. Bf4 O-O
11. Nb5 Nd5 12. Qd2 Nxf4 13. Qxf4 a6 14. Nc7 Bd6 15. Nxe6 Bxe6 16. Qe4 Bd7 17. Bd3 g6 18. d5 Bf5 19. Qc4 Bxd3 20. Qxd3 Ne5
21. Nxe5 Bxe5 22. Rab1 Qd6 23. g3 Rac8 24. b3 Rc3 25. Qd2 Rfc8 26. a4 Rc2 27. Qd3 R8c3 28. Qd1 Qd7 29. Re1 Bd6 30. Re2 Qc7
31. Re8+ Kg7 32. Qd4+ f6 33. Re6 Be5 34. Qb4 Rc5 35. Rd1 Rc1 36. Rxc1 Rxc1+ 37. Kg2 Rc5 38. Qe4= Qd7 39. Rxe5 fxe5 40. Qxe5+ Kg8
0-1

[Event "El Cartel"]
[Site "SchemingMind.com"]
[Date "2007.03.26"]
[Round "-"]
[White "tacticrules"]
[Black "norlavuaram"]
[Result "1-0"]
[WhiteCountry "GER"]
[BlackCountry "PER"]
[WhiteElo "1685"]
[WhiteRD "51"]
[BlackElo "1557"]
[BlackRD "76"]
[GameID "97866"]

1. Nf3 Nf6 2. c4 g6 3. Nc3 Bg7 4. g3 O-O 5. Bg2 c5 6. O-O Nc6 7. d4 cxd4 8. Nxd4 a6 9. Be3 Nxd4 10. Bxd4 d6
11. Rc1 Nd7 12. Bxg7 Kxg7 13. e4 Ne5 14. b3 Bg4 15. Qd4 f6 16. f4 Nc6 17. Qd2 Qd7 18. Nd5 Rad8 19. Nb6 Qe8 20. h3 Bc8
21. Qc3 e5 22. fxe5 dxe5 23. Rcd1 Nd4 24. Nd5 Rf7 25. Rxd4 exd4 26. Qxd4 Qe5 27. Qxe5 fxe5 28. Rxf7+ Kxf7 29. Kf2 Be6 30. Ke3 Bxd5
31. exd5 b6 32. Ke4 Kf6 33. h4
1-0

[Event "El Cartel"]
[Site "SchemingMind.com"]
[Date "2007.03.23"]
[Round "-"]
[White "jamesm_beatty"]
[Black "capablanca"]
[Result "0-1"]
[WhiteCountry "USA"]
[BlackCountry "GER"]
[WhiteElo "1529"]
[WhiteRD "80"]
[BlackElo "1659"]
[BlackRD "58"]
[GameID "97879"]

1. e4 e5 2. Nf3 d6 3. d4 Nd7 4. Nc3 Ngf6 5. Bg5 Be7 6. Qd2 a6 7. Bc4 b5 8. Bxf6 Bxf6 9. Bd5 Rb8 10. dxe5 Nxe5
11. Nxe5 Bxe5 12. O-O-O O-O 13. g3 Bb7 14. f4 Bxc3 15. Qxc3 Bxd5 16. Rxd5 Re8 17. e5 Qc8 18. exd6 cxd6 19. Qxc8 Rbxc8 20. Rxd6 Re2
21. Rxa6 Rcxc2+ 22. Kb1 Rxb2+ 23. Ka1 h6 24. h4 Rg2 25. Rg1 Rxa2+ 26. Rxa2 Rxg1+ 27. Kb2 Rxg3 28. Ra5 Rg4 29. Rxb5 Rxf4 30. h5 g5
31. Kc3 Rh4 32. Kd3 Rxh5 33. Ke4 Rh4+ 34. Ke5 Rf4 35. Rb7 h5 36. Rb6 Kg7 37. Rd6 h4 38. Rd2 Kg6 39. Rd6+ f6+
0-1

[Event "El Cartel"]
[Site "SchemingMind.com"]
[Date "2007.03.26"]
[Round "-"]
[White "jamesm_beatty"]
[Black "norlavuaram"]
[Result "1-0"]
[WhiteCountry "USA"]
[BlackCountry "PER"]
[WhiteElo "1569"]
[WhiteRD "70"]
[BlackElo "1521"]
[BlackRD "78"]
[GameID "97881"]

1. e4 c5 2. Nf3 Nc6 3. d4 cxd4 4. Nxd4 Nf6 5. Nc3 e5 6. Ndb5 d6 7. Bg5 a6 8. Na3 b5 9. Nd5 Be7 10. Bxf6 Bxf6
11. c4 bxc4 12. Nxc4 Nd4 13. Ncb6 Rb8 14. Qa4+ Bd7 15. Qxa6 Nc2+ 16. Kd2 Nxa1 17. Nxd7 Rxb2+ 18. Kc3 Rc2+ 19. Kb4 Kxd7 20. Bb5+ Ke6
21. Nb6 Qc7 22. Bd7+ Qxd7 23. Nxd7
1-0

[Event "El Cartel"]
[Site "SchemingMind.com"]
[Date "2007.03.23"]
[Round "-"]
[White "jamesm_beatty"]
[Black "tacticrules"]
[Result "0-1"]
[WhiteCountry "USA"]
[BlackCountry "GER"]
[WhiteElo "1583"]
[WhiteRD "79"]
[BlackElo "1625"]
[BlackRD "58"]
[GameID "97883"]

1. e4 e5 2. Nf3 Nf6 3. Nxe5 d6 4. Nf3 Nxe4 5. Qe2 Qe7 6. d3 Nf6 7. Qxe7+ Bxe7 8. h3 O-O 9. Nc3 c5 10. Bg5 Re8
11. O-O-O Nbd7 12. d4 h6 13. Bh4 Nf8 14. Re1 Bd7 15. Bb5 Bc6 16. Bxf6 Bxf6 17. Nd5 Rxe1+ 18. Rxe1 Bxd5 19. dxc5 Bxf3 20. cxd6 Bc6
21. Bxc6 bxc6 22. Rd1 Rd8 23. c4 Ne6 24. b4 a6 25. a3 Be5 26. c5 Nd4 27. g3 Nb5 28. f4 Bf6 29. d7 Nxa3 30. Re1 Kf8
31. g4 Rxd7 32. g5 hxg5 33. fxg5 Bxg5+ 34. Kb2 Nb5 35. Kb3 Rd3+ 36. Kc4 Rc3#
0-1

[Event "El Cartel"]
[Site "SchemingMind.com"]
[Date "2007.03.23"]
[Round "-"]
[White "capablanca"]
[Black "jamesm_beatty"]
[Result "1-0"]
[WhiteCountry "GER"]
[BlackCountry "USA"]
[WhiteElo "1659"]
[WhiteRD "58"]
[BlackElo "1529"]
[BlackRD "80"]
[GameID "97884"]

1. e4 e5 2. f4 exf4 3. Nf3 Nf6 4. e5 Nh5 5. Be2 Nc6 6. d4 d6 7. Nc3 dxe5 8. Nxe5 Qxd4 9. Nxc6 Qxd1+ 10. Bxd1 bxc6
11. Bxh5 Bb4 12. Bd2 Bd6 13. O-O-O Bb7 14. Rdf1 c5 15. Rf2 O-O-O 16. Bxf7 Rhf8 17. Be6+ Kb8 18. Nd5 Be5 19. Nxf4 g5 20. Nd3 Bxb2+
21. Kxb2 Rxf2 22. Nxf2 Rxd2 23. Nd3 Bxg2 24. Rb1 Bf3 25. Kc1+ Ka8 26. Kxd2 g4 27. Ne5 h5 28. Nxf3 gxf3 29. Bd5+ c6 30. Bxc6#
1-0

[Event "El Cartel"]
[Site "SchemingMind.com"]
[Date "2007.03.27"]
[Round "-"]
[White "banong"]
[Black "jamesm_beatty"]
[Result "0-1"]
[WhiteCountry "PHI"]
[BlackCountry "USA"]
[WhiteElo "1358"]
[WhiteRD "83"]
[BlackElo "1581"]
[BlackRD "81"]
[GameID "97885"]

1. e4 e5 2. Nf3 Nc6 3. Bb5 Nf6 4. Nc3 Bc5 5. O-O O-O 6. d3 d5 7. Bg5 Be6 8. Bxc6 bxc6 9. exd5 cxd5 10. Nxe5 d4
11. Ne4 Nxe4 12. Bxd8 Rfxd8 13. dxe4 Rab8 14. b3 Rd6
0-1

[Event "El Cartel"]
[Site "SchemingMind.com"]
[Date "2007.03.26"]
[Round "-"]
[White "norlavuaram"]
[Black "jamesm_beatty"]
[Result "0-1"]
[WhiteCountry "PER"]
[BlackCountry "USA"]
[WhiteElo "1521"]
[WhiteRD "78"]
[BlackElo "1569"]
[BlackRD "70"]
[GameID "97886"]

1. e4 e5 2. Nf3 Nc6 3. Bb5 Nf6 4. O-O d5 5. Nxe5 Bd7 6. exd5 Nxe5 7. Bxd7+ Qxd7 8. Re1 Qxd5 9. d4 O-O-O 10. Nc3 Qxd4
11. Qxd4 Rxd4 12. Rxe5 Bd6 13. Re1 Kd7 14. Be3 Rb4 15. Rab1 Ne4 16. Nxe4 Rxe4 17. Rbd1 Rhe8 18. Bd2 Kc6 19. Rxe4 Rxe4 20. Re1= Kd5
21. Rxe4 Kxe4
0-1

[Event "El Cartel"]
[Site "SchemingMind.com"]
[Date "2007.03.23"]
[Round "-"]
[White "tacticrules"]
[Black "jamesm_beatty"]
[Result "1-0"]
[WhiteCountry "GER"]
[BlackCountry "USA"]
[WhiteElo "1632"]
[WhiteRD "53"]
[BlackElo "1529"]
[BlackRD "80"]
[GameID "97888"]

1. Nf3 d5 2. d4 c6 3. c4 Nf6 4. cxd5 cxd5 5. Nc3 Nc6 6. Bf4 Bf5 7. Rc1 Qb6 8. Na4 Qa5+ 9. Nc3 Qb4 10. Bd2 Qxb2
11. Nh4 Nxd4 12. Nxf5 Nxf5 13. Qa4+ Kd8 14. Rb1 Qxb1+ 15. Nxb1 e6 16. Ba5+ b6 17. Bxb6+ Kc8 18. Qc6+ Kb8 19. Qc7#
1-0

[Event "El Cartel"]
[Site "SchemingMind.com"]
[Date "2007.03.23"]
[Round "-"]
[White "WannaBe"]
[Black "capablanca"]
[Result "1/2-1/2"]
[WhiteCountry "USA"]
[BlackCountry "GER"]
[WhiteElo "1540"]
[WhiteRD "93"]
[BlackElo "1632"]
[BlackRD "58"]
[GameID "97898"]

1. e4 e5 2. Nf3 d6 3. d4 Nd7 4. Bc4 Ngf6 5. Nc3 a6 6. dxe5 dxe5 7. O-O Bc5 8. Re1 O-O 9. a3 b5 10. Ba2 Bb7
11. b4 Bb6 12. Bb2 c5 13. Nd5 Nxd5 14. exd5 c4 15. Nxe5 Nxe5 16. Bxe5 Qxd5 17. Qxd5 Bxd5 18. Rad1 Be6 19. c3 Rad8 20. Bb1 Rd5
21. Rxd5 Bxd5 22. Be4 Rd8 23. Kf1 f6= 24. Bxd5+ Rxd5=
1/2-1/2

[Event "El Cartel"]
[Site "SchemingMind.com"]
[Date "2007.03.26"]
[Round "-"]
[White "WannaBe"]
[Black "norlavuaram"]
[Result "0-1"]
[WhiteCountry "USA"]
[BlackCountry "PER"]
[WhiteElo "1500"]
[WhiteRD "82"]
[BlackElo "1580"]
[BlackRD "72"]
[GameID "97900"]

1. e4 c5 2. Nf3 Nc6 3. d4 cxd4 4. Nxd4 Nf6 5. Nc3 e5 6. Ndb5 d6 7. Be3 a6 8. Na3 b5 9. Nd5 Be7 10. Bd3 O-O
11. Nxf6+ Bxf6 12. c4 b4 13. Nc2 Be6 14. b3 a5 15. O-O a4 16. Bd2 Qc7 17. Nxb4 Nxb4 18. Bxb4 Rfb8 19. Be1 axb3 20. axb3 Rxa1
21. Qxa1 Rxb3 22. Ba5= Qb7 23. Rd1 Rb2 24. Bc3 Rb6 25. Ba5 Rc6 26. Rb1 Qc8 27. Qb2 g6 28. g3 Bxc4 29. Bxc4 Rxc4
0-1

[Event "El Cartel"]
[Site "SchemingMind.com"]
[Date "2007.03.23"]
[Round "-"]
[White "WannaBe"]
[Black "tacticrules"]
[Result "1-0"]
[WhiteCountry "USA"]
[BlackCountry "GER"]
[WhiteElo "1565"]
[WhiteRD "83"]
[BlackElo "1632"]
[BlackRD "53"]
[GameID "97902"]

1. e4 e5 2. Nf3 Nf6 3. d4 Nxe4 4. Bd3 d5 5. dxe5 Nd7 6. O-O Be7 7. Re1 Nec5 8. Nc3 c6 9. Be3 Nxd3 10. cxd3 O-O
11. d4 Re8 12. Qd2 Nf8 13. Bg5 Bxg5 14. Nxg5 h6 15. Nf3 Bg4 16. Qd3 Ne6 17. Rad1 Qb6 18. Na4 Qc7 19. h3 Bxf3 20. Qxf3 b6
21. Qe2 Rac8 22. b3 f6 23. exf6 Nxd4 24. Qxe8+ Rxe8 25. Rxe8+ Kf7 26. Re7+
1-0

[Event "El Cartel"]
[Site "SchemingMind.com"]
[Date "2007.03.23"]
[Round "-"]
[White "WannaBe"]
[Black "jamesm_beatty"]
[Result "1-0"]
[WhiteCountry "USA"]
[BlackCountry "USA"]
[WhiteElo "1565"]
[WhiteRD "83"]
[BlackElo "1529"]
[BlackRD "80"]
[GameID "97903"]

1. e4 e5 2. Nf3 Nc6 3. d4 exd4 4. Nxd4 Nf6 5. Nc3 d5 6. Bb5 a6 7. Nxc6 bxc6 8. Bxc6+ Bd7 9. Bxa8 Qxa8 10. Nxd5 Nxd5
11. exd5 Bc5 12. O-O Bb5 13. Re1+ Kd8 14. b3 Qa7 15. Be3 Bxe3 16. Rxe3 g6 17. c4 Bd7 18. a4 f5 19. b4 g5 20. b5 a5
21. Rc1 f4 22. Re5 g4 23. c5 Rg8 24. Kf1 Qb7 25. c6 Bxc6 26. dxc6+
1-0

[Event "El Cartel"]
[Site "SchemingMind.com"]
[Date "2007.03.23"]
[Round "-"]
[White "capablanca"]
[Black "WannaBe"]
[Result "1/2-1/2"]
[WhiteCountry "GER"]
[BlackCountry "USA"]
[WhiteElo "1632"]
[WhiteRD "58"]
[BlackElo "1540"]
[BlackRD "93"]
[GameID "97904"]

1. e4 c5 2. c3 Nf6 3. e5 Nd5 4. d4 cxd4 5. cxd4 e6 6. Nf3 d6 7. Bc4 Nc6 8. O-O Be7 9. Nc3 Nxc3 10. bxc3 O-O
11. Ba3 d5 12. Bxe7 Qxe7 13. Bd3 a6 14. Qc2 g6 15. Qd2 f6 16. exf6 Rxf6 17. Rfe1 Bd7 18. Qh6 Qg7 19. Qxg7+ Kxg7 20. Rab1 b5
21. a4 bxa4 22. Rb7 Rf7 23. Ne5 Nxe5 24. Rxe5 a3 25. Re1 Bc6 26. Rb6 Bd7 27. Rxa6 Rxa6 28. Bxa6 Ba4 29. Ra1 Rb7 30. Kf1=
1/2-1/2

[Event "El Cartel"]
[Site "SchemingMind.com"]
[Date "2007.03.26"]
[Round "-"]
[White "norlavuaram"]
[Black "WannaBe"]
[Result "1-0"]
[WhiteCountry "PER"]
[BlackCountry "USA"]
[WhiteElo "1580"]
[WhiteRD "72"]
[BlackElo "1500"]
[BlackRD "82"]
[GameID "97906"]

1. e4 c5 2. Nf3 d6 3. Bb5+ Bd7 4. Bxd7+ Nxd7 5. c4 Ngf6 6. Nc3 g6 7. O-O Bg7 8. d3 O-O 9. h3 Re8 10. Be3 e6
11. Qd2 b6 12. Bh6 a6 13. Bxg7 Kxg7 14. Nh2 Ne5 15. f4 Nc6 16. Nf3 h6 17. Ne2 b5 18. b3 bxc4 19. bxc4 Rb8 20. Rab1 Qd7
21. Rb2 Rxb2 22. Qxb2 Rb8 23. Qc2 Qb7 24. Rc1 Nb4 25. Qb3 Nxd3 26. Qxd3 Qb2 27. Rc2 Qa1+ 28. Kh2 Rb1 29. Ng3
1-0

[Event "El Cartel"]
[Site "SchemingMind.com"]
[Date "2007.03.23"]
[Round "-"]
[White "tacticrules"]
[Black "WannaBe"]
[Result "1-0"]
[WhiteCountry "GER"]
[BlackCountry "USA"]
[WhiteElo "1632"]
[WhiteRD "53"]
[BlackElo "1565"]
[BlackRD "83"]
[GameID "97908"]

1. Nf3 Nf6 2. c4 g6 3. Nc3 Bg7 4. e4 d6 5. d4 O-O 6. Be2 Nbd7 7. O-O c5 8. d5 Re8 9. Ne1 e6 10. dxe6 Ne5
11. exf7+ Kxf7 12. f4 Nc6 13. Bf3 Bd7 14. Be3 Na5 15. Qe2 Bc6 16. e5 Bxf3 17. Nxf3 dxe5 18. Nxe5+ Kg8 19. Rad1 Qe7 20. Qf3 Rad8
21. Rxd8 Rxd8 22. Nd5 Nxd5 23. cxd5 Bxe5 24. fxe5 Qxe5 25. Qf7+ Kh8 26. Bf4 Qd4+ 27. Kh1 Qxd5 28. Qf6+ Kg8 29. Be5
1-0

[Event "El Cartel"]
[Site "SchemingMind.com"]
[Date "2007.03.23"]
[Round "-"]
[White "jamesm_beatty"]
[Black "WannaBe"]
[Result "1-0"]
[WhiteCountry "USA"]
[BlackCountry "USA"]
[WhiteElo "1583"]
[WhiteRD "79"]
[BlackElo "1500"]
[BlackRD "82"]
[GameID "97909"]

1. e4 c5 2. Nf3 d6 3. d4 cxd4 4. Nxd4 Nf6 5. Bb5+ Nbd7 6. Nc3 a6 7. Ba4 e6 8. Nf3 b5 9. Bb3 Be7 10. Bg5 Qc7
11. Qd3 h6 12. Bf4 O-O 13. O-O-O Nc5 14. Qe3 Nxb3+ 15. axb3 Bb7 16. Qd2 Nxe4 17. Nxe4 Bxe4 18. Ne1 Rac8 19. f3 Bf5 20. g4 Bh7
21. Bxd6 Bxd6 22. Qxd6 Qxd6 23. Rxd6 a5 24. Ra6 Ra8 25. Rxa8 Rxa8 26. h4 Rf8 27. Rf1 f5 28. g5 hxg5 29. hxg5 g6 30. Nd3 Re8
31. Re1 Kf7 32. Re5 Rb8 33. Nc5 Rb6 34. c3 Bg8 35. Nd7 Rd6 36. Nf6 Kf8 37. Nxg8 Kxg8 38. Rxb5 Rd5 39. Rxd5 exd5 40. f4 Kf7
41. Kd2 Ke6 42. Kd3 Kd6 43. b4 axb4 44. cxb4 Kc6 45. Kd4 Kd6 46. b5
1-0